Hatékony vezetési stílusok az építőipar területén

Bibliográfiai részletek
Szerző: Fónagy Júlia
További közreműködők: Heidrich Dr. Balázs
Dokumentumtípus: Záródolgozat
Kulcsszavak:Hatékony vezetés
vezetési stílusok
Építőipar
Online Access:http://dolgozattar.uni-bge.hu/11091

MARC

LEADER 00000nta a2200000 i 4500
001 dolg11091
005 20170515094057.0
008 170515suuuu hu o 000 hun d
040 |a BGE Dolgozattár Repozitórium  |b hun 
041 |a hu 
100 1 |a Fónagy Júlia 
245 1 0 |a Hatékony vezetési stílusok az építőipar területén  |c Fónagy Júlia  |h [elektronikus dokumentum] 
246 1 1 |a Hatékony vezetési stílusok az építőipar területén 
516 |a Final_paper 
695 |a Hatékony vezetés 
695 |a vezetési stílusok 
695 |a Építőipar 
700 1 |a Heidrich Dr. Balázs  |e ths 
856 4 0 |u http://dolgozattar.uni-bge.hu/11091/1/Szakdolgozat_2017_FJ.pdf  |z Dokumentum-elérés 
856 4 0 |u http://dolgozattar.uni-bge.hu/11091/2/7.sz.m_Nyilatkozat%20saj%C3%A1t%20munk%C3%A1r%C3%B3l.pdf  |z Dokumentum-elérés